000 00727cam a2200253 4500500
005 20260329005215.0
041 _afre
042 _adc
100 1 0 _aEnjalbert, Cédric
_eauthor
245 0 0 _aCynthia Fleury : “Le milieu régénère les fonctions vitales de l’humain”
260 _c2022.
500 _a39
690 _aHabiter
690 _aJardin
690 _aLieu
690 _aNature
690 _apaysage
690 _aPréservation
690 _aProjet
690 _aSoin
690 _aVivant
786 0 _nPhilosophie magazine | 164 | 11 | 2022-11-01 | p. 33-33 | 1951-1787
856 4 1 _uhttps://shs.cairn.info/magazine-philosophie-magazine-2022-11-page-33?lang=fr&redirect-ssocas=7080
999 _c1841325
_d1841325